La inteligencia emocional en el trabajo

Sparad:
Bibliografiska uppgifter
Huvudupphovsman: Weisinger, Hendrie (Författare, medförfattare)
Materialtyp: Bok
Språk:spanska
Publicerad: Madrid Javier Vergara Editor 1998
Upplaga:1a. ed
Ämnen:
Taggar: Lägg till en tagg
Inga taggar, Lägg till första taggen!

MARC

LEADER 00000cam a2200000 a 4500
001 UCD6839
003 CL-VaPUC
008 170226e19980000sp |||||||||||||||||spa|d
020 |a 950151840X 
082 0 4 |a 658.314  |b WEI  |2 21 
100 0 |a Weisinger, Hendrie  |e author  |9 590680 
245 1 3 |a La inteligencia emocional en el trabajo 
250 |a 1a. ed 
300 |a 221 p 
942 |c BK 
945 |d 20170226 00:48:00  |a dcastane 
260 |a Madrid  |b Javier Vergara Editor  |c 1998 
650 0 |a Inteligencia emocional  |9 430453 
650 0 |a Liderazgo  |9 271835 
650 0 |a Administración del personal  |9 260442 
583 |a last modification  |c 20170226 00:48:00  |k Rodrigo Vera 
999 |c 367016  |d 367014 
952 |0 0  |1 0  |3 erb  |4 0  |6 658_314000000000000_WEI_1998  |7 0  |8 A  |9 481695  |a BIBENE  |b BIBENE  |i 5327881  |o 658.314 WEI 1998  |p 5327881  |r 2025-01-15  |w 2019-11-24  |y BK  |z Catalogado en:20170226  |k ICO